|
|
|
|
| LEADER |
00000nam a2200000 a 4500 |
| 001 |
UCX9148 |
| 003 |
CL-VaPUC |
| 008 |
940518e19920000SP |||||||||||||||||spa|d |
| 082 |
0 |
4 |
|a 321.4
|b ARB
|2 21
|
| 100 |
0 |
|
|a Arblaster, Anthony
|e author
|9 326477
|
| 245 |
1 |
0 |
|a Democracia
|
| 300 |
|
|
|a 164 p
|
| 942 |
|
|
|c BK
|
| 945 |
|
|
|d 19940518 00:00:00
|a aalvarez
|
| 260 |
|
|
|a Madrid
|b Alianza
|c 1992
|
| 650 |
|
0 |
|a Democracia
|9 255256
|
| 583 |
|
|
|a last modification
|c 19940518 00:00:00
|k Rodrigo Vera
|
| 999 |
|
|
|c 228467
|d 228465
|
| 952 |
|
|
|0 0
|1 0
|4 0
|6 321_400000000000000_ARB_1992
|7 0
|8 DER_TF
|9 228590
|a BIBDER
|b BIBDER
|d 2019-11-15
|i 2981084
|l 1
|o 321.4 ARB 1992
|p 2981084
|r 2023-01-25
|s 2020-03-16
|w 2019-11-15
|x Ubicación 4to Piso
|y BK
|z Estos recursos deben solicitarse con anticipación
|k DER
|